Biggest Cities in Venezuela by State - Statistics

General Stats
  • This quiz has been taken 38 times
  • The average score is 21 of 69
Answer Stats
State Population City % Correct
Distrito Capital 1.943.901 Caracas
81%
Anzoategui 591.424 Barcelona
67%
Aragua 955.362 Maracay
67%
Amazonas 129.055 Puerto Ayacucho
67%
Carabobo 2.140.000 Valencia
67%
Lara 1.995.770 Barquisimeto
62%
249.107 Coro
62%
Mérida 502.189 Mérida
62%
Barinas 355.413 Barinas
52%
Bolívar 1.200.000 Ciudad Guayana
52%
272.231 Puerto La Cruz
52%
Falcón 287.558 Punto Fijo
52%
Delta Amacuro 86.487 Tucupita
52%
380.953 Ciudad Bolívar
48%
Miranda 3.137.002 Caracas
43%
Sucre 374.706 Cumaná
43%
251.466 Los Teques
43%
Zulia 3.897.655 Maracaibo
43%
Monagas 514.046 Maturin
43%
Cojedes 150.000 San Carlos
43%
Táchira 628.626 San Cristóbal
43%
Nueva Esparta 195.120 Porlamar
38%
208.080 Puerto Cabello
38%
202.704 San Fernando de Apure
38%
Guarico 160.248 San Juan de los Morros
38%
Trujillo 250.000 Valera
38%
131.989 Calabozo
33%
116.086 Carora
33%
288.283 Ciudad Ojeda
33%
117.513 La Asunción
33%
351.735 Cabimas
29%
155.843 El Vigía
29%
192.644 Guanare
29%
118.647 San Felipe
29%
240.950 Turmero
29%
200.000 Carupano
24%
Portuguesa 195.637 Acarigua
19%
Vargas 661.897 Catia la Mar
19%
Lara 41.327 El Tocuyo
19%
208.663 Guarenas
19%
Apure 263.000 Guasdualito
19%
143.468 La Victoria
19%
44.742 Pampatar
19%
95.041 Rubio
19%
101.512 Socopó
19%
105.000 Tinaquillo
19%
60.473 Trujillo
19%
115.902 Valle de la Pascua
19%
Yaracuy 136.081 Yaritagua
19%
84.305 Chivacoa
14%
205.320 La Guaira
14%
72.643 Puerto Píritu
14%
10.853 San Fernando de Atabapo
14%
128.590 Táriba
14%
30.300 Tinaco
14%
58.755 Achaguas
10%
133.500 Araure
10%
100.240 Boconó
10%
36.000 Caraballeda
10%
50.000 Güiria
10%
197.449 Tocuyito
10%
104.427 Tovar
10%
98.274 Upata
10%
33.738 Caripe
5%
50.000 Ciudad Bolivia
5%
14.727 La Esmeralda
5%
41.530 La Vela de Coro
5%
200.000 Punta de Mata
5%
31.691 Sierra Imataca
5%
No matching quizzes found
Score Distribution
Percent of People with Each Score
Percentile by Number Answered
Your Score History
You have not taken this quiz